Nicknames Kings and Queens Quiz Stats

 Plays Quiz Updated Mar 8, 2019

Score 0/20 Timer 04:00
7 Plays Today
Nickname Monarch % Correct
The LionheartRichard I
90.7%
The Virgin QueenElizabeth I
89.3%
The ConquerorWilliam I
88.3%
The Nine Days QueenLady Jane Grey
73.8%
King BillyWilliam III
68.1%
The BloodyMary I
65.4%
The MadGeorge III
59.5%
Mrs BrownVictoria
59.2%
Defender of the FaithHenry VIII
58.8%
LilibetElizabeth II
53%
Nickname Monarch % Correct
LacklandJohn
51.4%
The CrouchbackRichard III
50.8%
Hammer of the ScotsEdward I
48.5%
BolingbrokeHenry IV
46.8%
The Merry MonarchCharles II
35.5%
The Curtmantle (short cloak)Henry II
27.5%
The Sailor KingWilliam IV
24.5%
The Wisest Fool In ChristendomJames I
22.2%
The Lion of JusticeHenry I
22.1%
The PiousEdward VI
18.9%

You're not logged in!

Compare scores with friends on all Sporcle quizzes.
OR
Log In

Show Comments

Extras

Top Quizzes Today


Score Distribution

Your Account Isn't Verified!

In order to create a playlist on Sporcle, you need to verify the email address you used during registration. Go to your Sporcle Settings to finish the process.

Report this User

Report this user for behavior that violates our Community Guidelines.

Details: